000 00715nam a2200277 a 4500
001 41277
003 AR-BaAGN
005 20231223063344.0
007 ta
008 220625s2014 ag |||||r|||| ||||||spa d
020 _a978-987-04-3704-8
040 _dAR-BaAGN
_aAR-BaAGN
_bspa
_eaacr
100 1 _aFarina, Fernando
245 1 0 _aJuan Grela :
_bobra Pictórica
250 _a1ª ed.
260 _aBuenos Aires :
_bAguilar, Altea, Taurus, Alfaguara,
_c2014.
300 _a32 páginas :
_bilustraciones
336 _2rdacontent
_btxt
337 _2rdamedia
_bn
338 _2rdacarrier
_bnc
600 1 4 _aGrela, Juan
650 4 _aARTE
_91471
700 1 _aRojas, Nancy
942 _cLIBRO
999 _c41277
_d41277